| 000 | 00403nam a2200121Ia 4500 | ||
|---|---|---|---|
| 003 | GCL | ||
| 008 | 140319s9999 xx 000 0 ara d | ||
| 040 |
_aGCL / _cGCL |
||
| 082 | 0 | 4 |
_a371.102 _bم ع |
| 245 | 1 | 0 | _aعوامل الكفاية الانتاجية واثرها فى العملية التعليمية والتربوية |
| 260 |
_a[S.N] : _bمنشاة المعارف الاسلامية |
||
| 490 | _a | ||
| 999 |
_c55694 _d55694 |
||